| 000 | 00617pam a2200217 a 4500 | ||
|---|---|---|---|
| 001 | 4506277 | ||
| 005 | 20180122035847.0 | ||
| 008 | 980519s1999 njua 001 0 eng | ||
| 010 | _a 98019193 | ||
| 020 | _a0130962538 (pbk.) | ||
| 040 |
_aDLC _cDLC _dDLC |
||
| 041 | _aeng | ||
| 080 | _a004 LON | ||
| 082 | 0 | 0 |
_a004 LON _221 |
| 100 | 1 | _a28 | |
| 101 | _aSHK | ||
| 245 | 1 | 0 |
_aComputers / _cLarry Long, Nancy Long. |
| 906 |
_a7 _bcbc _corignew _d1 _eocip _f19 _gy-gencatlg |
||
| 942 |
_2ddc _cBK |
||
| 999 |
_c40634 _d40634 |
||